000 00517nam a2200181Ia 4500
005 20250508160140.0
008 008 250505s9999 xx 000 0 eng d
037 _aBooks to be hide in OPAC
040 _aFEDL
_beng
_cFEDL
041 _aeng
_2eng
084 _a370.15, GIL/O
_qFEDL
100 _aGill S K
_9630396
245 0 _aRefresher course in educational psychology
260 _aLudhiana, India
_bMar Publisher
300 _a500p.
942 _cHB
_h370.15, GIL/O
999 _c1362219
_d1362219